| 000 | 00479nam a2200181Ia 4500 | ||
|---|---|---|---|
| 008 | 090124s9999 xx 000 0 und d | ||
| 082 | _b37200 | ||
| 100 | _aBELL DANIEL | ||
| 245 | _aTHE COMING OF POST-INDUSTRIAL SOCIETY | ||
| 250 | _a1 | ||
| 260 |
_bARNOLD-HEINEMANN _c1974 |
||
| 300 | _a507 | ||
| 600 | _aBELL DANIEL | ||
| 630 | _aTHE COMING OF POST-INDUSTRIAL SOCIETY | ||
| 700 | _aBELL DANIEL | ||
| 730 | _aTHE COMING OF POST-INDUSTRIAL SOCIETY | ||
| 942 | _cBOOK | ||
| 999 |
_c103365 _d103365 |
||